01017nam a2200181 i 4500001000700000003000900007005001700016008004100033040003000074100004500104245033400149250007200483260007700555300006300632650005700695700001900752852006400771164987ES-MaACL20250531063035.0981211m17831784gw |||| | fre d aCCPB | B bspa cCCPB | B1 aSchwan, Christian Friedrich, d1733-181510aNouveau dictionnaire de la langue allemande et françoise b: composé sur les dictionnaires de M. Adelung et de l'Académie Françoise : Enrichi des termes propres des sciences et des arts ... / cpar Chrétien Frédéric Schwan ... ; revu et corrigé pour la partie françoise par M. Uriot ...; Tome Premier [-Second]. aNouvelle édition corrigée en plusieurs endroits et augmentée. aA Mannheim : bChez C. F. Schwan et M. Fontaine, Libraires, c1783-1784. a2 v. ([1] h., [10], 964 p. ; [1] h., 1151 p.) ; c26 cm. 4aDiccionarios políglotas-vObras anteriores a 1800.1 aUriot, Joseph. aES-MaACLjR-183-84 z-- Enc. hol. x-- Olim: G-4746-7